Acciones por la paz del gobierno de Nicaragua (junio-diciembre 88)
Enregistré dans:
| Format: | Texte |
|---|---|
| Publié: |
Managua:
Dirección de Información y Prensa de la Presidencia de la República
|
| Tags: |
Ajouter un tag
Pas de tags, Soyez le premier à ajouter un tag!
|
MARC
| LEADER | 00000 a a2200000 04500 | ||
|---|---|---|---|
| 001 | 23775 | ||
| 003 | |||
| 040 | |||
| 090 | |a 168100 | ||
| 245 | |a Acciones por la paz del gobierno de Nicaragua (junio-diciembre 88) | ||
| 260 | |a Managua: |b Dirección de Información y Prensa de la Presidencia de la República | ||
| 300 | |a 21 p. | ||
| 999 | |c 12548 |d 12548 | ||
